Every Ado Anime - Statistics

General Stats
  • This quiz has been taken 66 times
    34 since last reset
  • The average score is 3 of 5
Answer Stats
Answer % Correct
One Piece
90%
Spy x Family
77%
Cat’s Eye (2025)
50%
Beyblade X
43%
GeGeGe no Kitaro
20%
No matching quizzes found
Score Distribution
Percent of People with Each Score
Percentile by Number Answered
Your Score History
You have not taken this quiz since the last reset